000 00755 a2200205 4500
005 20080825121054.0
008 080825t xxu||||| |||| 00| 0 eng d
010 _aENG-87112
020 _a8188631205
_c300.00
035 _aEN-70645
037 _bDBAD / PUB
082 _a613.7
100 _aSengar, Devendra
245 _aFitness
_cby Devendra Sengar
_bhow to be fit
260 _aDelhi
_bKunal Prakashan
_c2007
270 _aL-20/3 , Street No.5, Shivaji Marg, Kartar Nagar,
_bDelhi
_e110 053
300 _a240p.
_c21cm (Hb )
942 _adpl
_cEN
_k613.7 / SEN
_2ddc
_h613.7
_mSEN
999 _c6069
_d6069